| 000 | 01324nam a22002897a 4500 | ||
|---|---|---|---|
| 003 | dpl | ||
| 005 | 20180905121509.0 | ||
| 008 | 180905b xxu||||| |||| 00| 0 eng d | ||
| 010 | _aB-093051 | ||
| 020 |
_c150.00 _a8188548170 |
||
| 035 | _aB-093051, B-093066 | ||
| 037 | _bCen Lib/Ret | ||
| 040 |
_aDPL _bHN _c0 |
||
| 082 |
_aक _bनेपाल |
||
| 245 |
_aनेपाल की लोक कथाएं / _cसंपादक रिध्दी पराशर ;चित्रांकन बाल् कृषण भारती |
||
| 246 |
_aNepal ki lok kathayen _bsampadak Riddhi Parashar ;chitrankan Balkrishan Bharti |
||
| 260 |
_aदिल्ली _bसिल्वर बैल _c2004 |
||
| 270 |
_aएम्.-72, पंचशील गार्डन नवीन शाहदरा _bदिल्ली _e110032 |
||
| 300 |
_a128पृष्ठ. : _c20सेमी(सजिल्द) _bचित्र. |
||
| 650 |
_aहिंदी साहित्य _970077 |
||
| 650 |
_aहिंदी कहानी - नेपाल _95559 |
||
| 650 |
_aHindi literature _970078 |
||
| 650 |
_aHindi story Nepal _970079 |
||
| 700 |
_aपराशर, रिद्धी _970080 |
||
| 700 |
_aभारती, बालकृषण _970081 |
||
| 942 |
_2ddc _cHN _hक _mनेपाल |
||
| 999 |
_c117099 _d117099 |
||